00675nam a22001817a 4500003000900000008004100009040007100050082002100121110005200142245004100194260006700235300002500302505010700327650002300434650001300457650000900470650001400479AR-CdUCM190226b ||||| |||| 00| 0 spa d aMUNICIPALIDAD PROVINCIAL DEL CUSCOcBIBLIOTECA MUNICIPAL DEL CUSCO a375.4208 /bAN62 aEdiciones del Ministerio de Educación Publica aAntologia de Literatura Fantastica / aLima,bEdiciones del Ministerio de Educación Publica,c1958. a143 paginas ;c15cm. aAntologia -- Levitación -- La Aventura del hombre que no Nacio -- El Alfiler -- Los Ojos de Judas... aLiteratura Peruana aFantasia aPeru ahistorias